[Event "BUL-ch op (Women)"]
[Site "Vratsa"]
[Date "2012.07.26"]
[Round "5"]
[White "Atanasova, Elitsa"]
[Black "Valeva, Ana"]
[Result "1/2-1/2"]
[WhiteElo "1727"]
[BlackElo "1454"]
[PlyCount "110"]
[EventDate "2012.07.23"]
[EventType "swiss"]
[EventRounds "9"]
[EventCountry "BUL"]
[SourceTitle "CBM 149 Extra"]
[Source "ChessBase"]
[SourceDate "2012.08.24"]
[SourceVersion "1"]
[SourceVersionDate "2012.08.24"]
[SourceQuality "1"]

1. d4 d5 2. c4 e6 3. Nc3 Nf6 4. cxd5 exd5 5. Bg5 Be7 6. e3 c6 7. Bd3 Be6 8. Nf3 Nbd7 9. Qc2 0-0 10. h3 h6 11. Bf4 Re8 12. 0-0 Rc8 13. Rfd1 Nf8 14. Rab1 Nh5 15. Bh2 g6 16. b4 Ng7 17. Ne5 Bf5 18. Na4 Bxd3 19. Qxd3 Nd7 20. Rdc1 Nxe5 21. Bxe5 Bd6 22. Bxd6 Qxd6 23. Nc5 Qe7 24. a3 Ne6 25. Nb3 Rc7 26. Rc3 Rec8 27. Rbc1 Ng5 28. Nc5 Ne4 29. Nxe4 Qxe4 30. Qxe4 dxe4 31. d5 Kf8 32. Rc5 Ke7 33. Kf1 Kd6 34. dxc6 Rxc6 35. Rd1+ Ke6 36. Rcd5 Rc1 37. Rd6+ Ke5 38. R6d5+ Ke6 39. Ke1 Rxd1+ 40. Rxd1 Rc3 41. a4 Rc4 42. Rb1 a6 43. Kd2 Kd5 44. Rb3 f6 45. Rb2 f5 46. h4 g5 47. hxg5 hxg5 48. g3 Ke5 49. Rb3 Kd5 50. Rb1 b6 51. Rb3 g4 52. Rb2 Ke5 53. Rb3 Kd5 54. Kd1 Kd6 55. Kd2 Kd5 1/2-1/2

[Event "BUL-ch op (Women)"]
[Site "Vratsa"]
[Date "2012.07.24"]
[Round "2"]
[White "Atanasova, Elitsa"]
[Black "Kantardzhieva, Toni"]
[Result "1-0"]
[WhiteElo "1727"]
[BlackElo "1943"]
[PlyCount "75"]
[EventDate "2012.07.23"]
[EventType "swiss"]
[EventRounds "9"]
[EventCountry "BUL"]
[SourceTitle "CBM 149 Extra"]
[Source "ChessBase"]
[SourceDate "2012.08.24"]
[SourceVersion "1"]
[SourceVersionDate "2012.08.24"]
[SourceQuality "1"]

1. d4 d5 2. c4 e6 3. Nc3 Nf6 4. Bg5 Be7 5. e3 b6 6. Nf3 Bb7 7. cxd5 exd5 8. Bd3 Ne4 9. Bf4 Nd7 10. 0-0 0-0 11. Rc1 c5 12. dxc5 Ndxc5 13. Be2 Rc8 14. Nb5 a6 15. Nbd4 Ne6 16. Nxe6 fxe6 17. Rxc8 Qxc8 18. Nd4 Bf6 19. Bg4 Re8 20. f3 Ng5 21. Qd2 Nf7 22. Rc1 Qa8 23. Nxe6 Re7 24. Nd4 g6 25. Qb4 b5 26. Qc5 g5 27. Nf5 Re8 28. Bg3 Bxb2 29. Rc2 Bf6 30. Qb6 Bd8 31. Bc7 Bc8 32. Bxd8 Bxf5 33. Bxf5 Rxd8 34. Rc7 Rf8 35. Qf6 Qd8 36. Bxh7+ Kxh7 37. Rxf7+ Rxf7 38. Qxd8 1-0

[Event "BUL-ch U20 Girls"]
[Site "Shabla"]
[Date "2011.03.12"]
[Round "1.1"]
[White "Atanasova, Elitsa"]
[Black "Milanova, Maria"]
[Result "0-1"]
[WhiteElo "1743"]
[BlackElo "1889"]
[PlyCount "70"]
[EventDate "2011.03.12"]
[EventType "tourn"]
[EventRounds "5"]
[EventCountry "BUL"]
[SourceTitle "CBM 141 Extra"]
[Source "ChessBase"]
[SourceDate "2011.05.03"]
[SourceVersion "1"]
[SourceVersionDate "2011.05.03"]
[SourceQuality "1"]

1. d4 Nf6 2. c4 g6 3. Nc3 Bg7 4. e4 d6 5. f4 0-0 6. Nf3 c5 7. d5 b5 8. Bd3 bxc4 9. Bxc4 Ba6 10. Bxa6 Nxa6 11. 0-0 Qb6 12. Kh1 Rfc8 13. Qe2 Rab8 14. e5 Ne8 15. Nd2 Nb4 16. Nc4 Qa6 17. b3 Qb7 18. Na5 Qc7 19. Nc4 Rd8 20. Rd1 a5 21. Bb2 Ra8 22. Ba3 Qb7 23. Rd2 f5 24. Rad1 Qc7 25. Bb2 Rdb8 26. exd6 exd6 27. Ba1 Kf8 28. Re1 Nf6 29. h3 Re8 30. Qd1 Rxe1+ 31. Qxe1 Re8 32. Qd1 Ne4 33. Nxe4 fxe4 34. Ne3 Nd3 35. g3 Bd4 0-1

[Event "BUL-chB (Women) 60th"]
[Site "Plovdiv"]
[Date "2011.02.12"]
[Round "6"]
[White "Vasileva, Cveta"]
[Black "Atanasova, Elitsa"]
[Result "1/2-1/2"]
[WhiteElo "1471"]
[BlackElo "1743"]
[PlyCount "119"]
[EventDate "2011.02.07"]
[EventType "swiss"]
[EventRounds "7"]
[EventCountry "BUL"]
[SourceTitle "CBM 140 Extra"]
[Source "ChessBase"]
[SourceDate "2011.03.01"]
[SourceVersion "1"]
[SourceVersionDate "2011.03.01"]
[SourceQuality "1"]

1. d4 d5 2. c4 c6 3. Nc3 Nf6 4. Nf3 e6 5. g3 dxc4 6. a4 Bb4 7. Bg2 0-0 8. Ne5 Nd5 9. Bd2 Nd7 10. Nxc4 N7f6 11. 0-0 Qe7 12. e4 Nb6 13. Nxb6 axb6 14. Qc2 Rd8 15. Ne2 Bxd2 16. Qxd2 e5 17. Qe3 exd4 18. Nxd4 Qb4 19. Nc2 Qc5 20. Qxc5 bxc5 21. Rfc1 Be6 22. Ne3 Rd4 23. a5 Rb4 24. Rxc5 Rxb2 25. Nc4 Rc2 26. Nb6 Rxc5 27. Nxa8 h6 28. f3 Rc2 29. Bf1 Bc4 30. Bxc4 Rxc4 31. a6 bxa6 32. Rxa6 Rc1+ 33. Kf2 Rc2+ 34. Kg1 Nd7 35. Nc7 Ne5 36. Ra3 c5 37. Nd5 c4 38. f4 Nd3 39. Rc3 Rxc3 40. Nxc3 Kf8 41. Kf1 Ke7 42. Ke2 Kd6 43. Na4 g6 44. Ke3 Kc6 45. Kd4 Kb5 46. Nc3+ Kb4 47. Nd5+ Kb3 48. Ne3 Nb2 49. Nd5 Nd3 50. Ne3 Nb2 51. Nd5 Na4 52. g4 c3 53. Nxc3 Nxc3 54. Ke5 Kc4 55. Kf6 g5 56. fxg5 Nxe4+ 57. Kxf7 hxg5 58. Kg6 Kd5 59. Kh5 Ke5 60. h4 1/2-1/2

[Event "Plovdiv Bulgarian op 33rd"]
[Site "Plovdiv"]
[Date "2011.01.30"]
[Round "1"]
[White "Atanasova, Elitsa"]
[Black "Grigorov, Grigor"]
[Result "0-1"]
[WhiteElo "1743"]
[BlackElo "2498"]
[PlyCount "64"]
[EventDate "2011.01.30"]
[EventType "swiss"]
[EventRounds "9"]
[EventCountry "BUL"]
[SourceTitle "CBM 140 Extra"]
[Source "ChessBase"]
[SourceDate "2011.03.01"]
[SourceVersion "1"]
[SourceVersionDate "2011.03.01"]
[SourceQuality "1"]

1. d4 Nf6 2. c4 e6 3. Nf3 b6 4. g3 Bb7 5. Bg2 Be7 6. 0-0 0-0 7. d5 exd5 8. Nh4 c6 9. cxd5 Nxd5 10. Nf5 Nc7 11. e4 d5 12. Nc3 Bf6 13. exd5 cxd5 14. Re1 Nba6 15. Bf4 Bc8 16. Nd4 Qd7 17. h4 Bb7 18. Be5 Bxe5 19. Rxe5 Rfe8 20. Rxe8+ Rxe8 21. Qd2 Nc5 22. Nc2 Rd8 23. Rd1 h6 24. b4 Na4 25. Nd4 Nxc3 26. Qxc3 Nb5 27. Qd2 Nd6 28. Nb3 Nc4 29. Qc3 Qd6 30. Bf1 Ne5 31. Bg2 Rc8 32. Qe1 Qf6 0-1

[Event "BUL-ch op (Women) 20th"]
[Site "Vratsa"]
[Date "2010.07.31"]
[Round "9"]
[White "Atanasova, Elitsa"]
[Black "Maksimovic, Suzana"]
[Result "0-1"]
[WhiteElo "1755"]
[BlackElo "2241"]
[PlyCount "58"]
[EventDate "2010.07.25"]
[EventType "swiss"]
[EventRounds "9"]
[EventCountry "BUL"]
[SourceTitle "CBM 137 Extra"]
[Source "ChessBase"]
[SourceDate "2010.09.01"]
[SourceVersion "1"]
[SourceVersionDate "2010.09.01"]
[SourceQuality "1"]

1. d4 Nf6 2. Nf3 c5 3. c3 g6 4. g3 Bg7 5. Bg2 0-0 6. 0-0 d5 7. dxc5 Qc7 8. Nbd2 a5 9. a4 Na6 10. Nb3 e5 11. Bg5 Be6 12. Qc2 h6 13. Bxf6 Bxf6 14. Rad1 Nxc5 15. Nxc5 Qxc5 16. Nd2 Rfd8 17. e3 Rab8 18. Qd3 b5 19. axb5 Qxb5 20. Qxb5 Rxb5 21. b3 Kg7 22. Rb1 Rc8 23. Rfc1 Rbc5 24. e4 Bg5 25. exd5 Bxd2 26. Rd1 Bf5 27. Rxd2 Bxb1 28. c4 a4 29. bxa4 Rxc4 0-1

[Event "BUL-ch op (Women) 20th"]
[Site "Vratsa"]
[Date "2010.07.30"]
[Round "8"]
[White "Ivanova, Simoneta"]
[Black "Atanasova, Elitsa"]
[Result "1/2-1/2"]
[WhiteElo "1827"]
[BlackElo "1755"]
[PlyCount "90"]
[EventDate "2010.07.25"]
[EventType "swiss"]
[EventRounds "9"]
[EventCountry "BUL"]
[SourceTitle "CBM 137 Extra"]
[Source "ChessBase"]
[SourceDate "2010.09.01"]
[SourceVersion "1"]
[SourceVersionDate "2010.09.01"]
[SourceQuality "1"]

1. d4 d5 2. c4 c6 3. Nf3 Nf6 4. e3 Bf5 5. Nc3 e6 6. Nh4 Bg6 7. Be2 Be7 8. 0-0 0-0 9. Nxg6 hxg6 10. b3 Nbd7 11. Bb2 b6 12. Bf3 Rc8 13. Rc1 Re8 14. Re1 Bd6 15. g3 dxc4 16. bxc4 e5 17. Qa4 e4 18. Bg2 Qe7 19. f3 Bb4 20. Re2 Bxc3 21. Bxc3 a5 22. Bb2 Qb4 23. Qc2 Qe7 24. Rf1 b5 25. fxe4 Nxe4 26. Rf4 Ndf6 27. Qd3 g5 28. Rf5 Qe6 29. Bxe4 bxc4 30. Qd1 Nxe4 31. Qf1 Rb8 32. Re5 Qd7 33. Rxe8+ Qxe8 34. Qc1 Qe6 35. Rc2 a4 36. Ba3 c3 37. Qf1 Nd2 38. Qd3 Rb1+ 39. Rc1 Qxa2 40. Qxc3 Nf3+ 41. Kf1 Nxh2+ 42. Kg1 Nf3+ 43. Kf1 Qb3 44. Qxc6 Rxc1+ 45. Qxc1 Qd5 1/2-1/2